000 00432nam a22001337a 4500
082 _aMSCS-1 AHM
100 _aWaqar Ahmad
_96867
245 _aSecure architecture for EMR
260 _aIslamabad
_bNUST-SEECS
_c2015
300 _a45p.
_bill.;
_eCD ROM
500 _aSupervisors: Dr. Abdul Ghafoor, Dr. Nauman Qureshi, Dr. Awais Shibli, M. Qaiser Ch.
856 _uhttp://10.250.8.41:8080/xmlui/handle/123456789/8312
942 _cPR
_2ddc
999 _c13416
_d13416